000 00527nam a2200205Ia 4500
003 BUBTL
008 151213s9999 xx 000 0 und d
082 _a515.43DAI
100 _aB.C Das ,B.N Mukkherjee
_95346
245 _aIntegral Calculus
_cB.C Das ,B.N Mukherjee
250 _a54th
260 _aCulcutta
_bU.N.Dhur & Sons
_cc2008
300 _a3178 p.
650 _aMathematics
650 _aMathematics
700 _aB.C Das ,B.N Mukherjee
_9660
856 _k0
_l0
_yDownload
942 _2ddc
_cBK
999 _c2197
_d2197